01194nam a22002777a 4500003000500000005001700005008004100022010001000063011001000073020001500083035001000098040000900108100004500117245017900162260012300341300001900464410009800483490005600581650001800637650002300655650002100678700003500699700002800734810009800762830005600860CHAP20220329142619.0010926d mx r 00110 spa d a85653 a86625 a9701869354 a97164 cCHAP00aVillavicencio Floriani, Eduardo Antonio.10aManual de irrigación :bmedición y suplementación del agua de riegoc/por Eduardo Antonio Villavicencio Floriani, David Raúl López Aguilar y Enrique Troyo Diéguez aLa Paz, B.C.S. :bCentro de Investigaciones Biológicas del Noroeste. Programa de Agricultura en Zonas Aridas,c2001. a31 p. :bilus.00aCentro de Investigaciones Biológicas del Noroeste.bPrograma de Agricultura en Zonas Aridas 0aPublicación de Transferencia y Divulgaciónv; 314aIrrigación.14aSistemas de riego.14aSuelosxHumedad.0 aLópez Aguilar, David Raúl.0 aTroyo Dieguez, Enrique.00aCentro de Investigaciones Biológicas del Noroeste.bPrograma de Agricultura en Zonas Aridas00aPublicación de Transferencia y Divulgaciónv; 3